Význam a opodstatnenie optimalizácie web stránok pre vyhľadávače

Význam a postavenie optimalizácie web stránok pre vyhľadávače (SEO - search engine optimization). Kategórie a formy SEO. Proces optimalizácie. Pozitívny a negatívny efekt implementácie SEO. Hlavné prvky SEO pre nasledujúce obdobie.

Uložené v:
Podrobná bibliografia
Hlavný autor: Paľko, Peter, 1987-
Médium: Kapitola
Jazyk:Slovak
Predmet:
Tagy: Pridať tag
Žiadne tagy, Buďte prvý, kto otaguje tento záznam!

MARC

LEADER 00000naa$a2200000$$$4500
001 0179178
005 20240502073038.0
041 0 |a slo 
044 |a SK 
245 1 0 |a Význam a opodstatnenie optimalizácie web stránok pre vyhľadávače  |c Peter Paľko 
520 |a Význam a postavenie optimalizácie web stránok pre vyhľadávače (SEO - search engine optimization). Kategórie a formy SEO. Proces optimalizácie. Pozitívny a negatívny efekt implementácie SEO. Hlavné prvky SEO pre nasledujúce obdobie. 
610 2 0 |a stránky webové 
610 2 0 |a počítače 
610 2 0 |a technológie informačné 
610 2 0 |a technológie komunikačné 
610 2 0 |a optimalizácia 
100 1 |a Paľko, Peter, 1987-